The second addendum of Victorian Staffordshire figures, 1835-1875. (Record no. 17799)

000 -LEADER
fixed length control field 01409cam a22003617a 4500
008 - FIXED-LENGTH DATA ELEMENTS--GENERAL INFORMATION
fixed length control field 070612s2007 paua c 001 0 eng d
020 ## - INTERNATIONAL STANDARD BOOK NUMBER
International Standard Book Number 9780764327629
020 ## - INTERNATIONAL STANDARD BOOK NUMBER
International Standard Book Number 0764327623
050 00 - LIBRARY OF CONGRESS CALL NUMBER
Classification number NK4087.S6
Item number H25 2007
100 1# - MAIN ENTRY--PERSONAL NAME
Personal name Harding, Adrian
245 14 - TITLE STATEMENT
Title The second addendum of Victorian Staffordshire figures, 1835-1875.
Number of part/section of a work Book 4 /
Statement of responsibility, etc. A. & N. Harding.
260 ## - PUBLICATION, DISTRIBUTION, ETC. (IMPRINT)
Place of publication, distribution, etc. Atglen, Pa. :
Name of publisher, distributor, etc. Schiffer Pub.,
Date of publication, distribution, etc. c2007.
300 ## - PHYSICAL DESCRIPTION
Extent 344 p. :
Other physical details col. ill. ;
Dimensions 32 cm.
500 ## - GENERAL NOTE
General note "With values"--Cover.
500 ## - GENERAL NOTE
General note Includes index.
650 #0 - SUBJECT ADDED ENTRY--TOPICAL TERM
Topical term or geographic name as entry element Staffordshire pottery
Form subdivision Catalogs.
650 #0 - SUBJECT ADDED ENTRY--TOPICAL TERM
Topical term or geographic name as entry element Pottery figures, Victorian
Geographic subdivision England
-- Staffordshire
Form subdivision Catalogs.
700 1# - ADDED ENTRY--PERSONAL NAME
Personal name Harding, N.
942 ## - ADDED ENTRY ELEMENTS (KOHA)
Source of classification or shelving scheme
Koha item type Hard Covered Materials
Classification part NK4087.S6 H25 2007
Holdings
Withdrawn status Lost status Source of classification or shelving scheme Damaged status Not for loan Home library Current library Shelving location Date acquired Source of acquisition Total Checkouts Full call number Barcode Date last seen Price effective from Koha item type
          MACHAKOS UNIVERSITY LIBRARY MACHAKOS UNIVERSITY LIBRARY Open shelf 29/11/2016 Donation(BFA)   NK4087.S6 H25 2007 28398 29/11/2016 29/11/2016 Hard Covered Materials
© Machakos University Library, Along The Highway, Machakos Wote Rd, Machakos, Kenya P.O. Box 136 - 90100 Machakos - Kenya

Tel: ( +254 ) 723 805829 OR Fax : 044-20353 OR Email: library@mksu.ac.ke